Laporan tahunan 2000 =
| Corporate Author: | |
|---|---|
| Format: | Book |
| Published: |
Kuala Lumpur:
MATRADE,
2001.
|
| Subjects: |
| LEADER | 00559cam a2200157 7i4500 | ||
|---|---|---|---|
| 001 | 0000010410 | ||
| 005 | 20020313090000.0 | ||
| 090 | 0 | 0 | |a M 380.1 |b MAL MAT 380.1 MAL |
| 110 | 2 | 0 | |a Malaysia External Trade Development Corporation (MATRADE) |
| 245 | 2 | 0 | |a Laporan tahunan 2000 = |l Annual report 2000. |
| 260 | 0 | 0 | |a Kuala Lumpur: |b MATRADE, |c 2001. |
| 300 | # | # | |a 128 p. |
| 650 | 0 | 0 | |a Trade -- |x Annual report -- |z Malaysia |
| 650 | 0 | 0 | |a MATRADE -- |x Annual report -- |z Malaysia |
| 651 | 0 | 0 | |a Malaysia |
| 999 | |a 0000012954 |b Book |c Annual Reports |e Business Information Centre | ||